[Event "Junior Online 4NCL Division 4"]
[Site "online"]
[Date "2021.01.21"]
[Round "1.72"]
[White "Jhamna, Alexander"]
[Black "Haga, Xander"]
[Result "0-1"]
[WhiteElo "1285"]
[BlackElo "1063"]
[PlyCount "62"]
[EventDate "2021.01.21"]
[WhiteTeam "The Hall 2"]
[BlackTeam "Coldfall Bishops"]

1. e4 e5 2. Nf3 Nc6 3. Bc4 Bc5 4. Nc3 Nf6 5. d3 O-O 6. Bg5 h6 7. Bh4 Be7 8. Nd5
Nxd5 9. Bxe7 Ndxe7 10. O-O d5 11. Bxd5 Nxd5 12. exd5 Qxd5 13. Re1 Re8 14. c4
Qd8 15. d4 Bg4 16. h3 Bxf3 17. Qxf3 Nxd4 18. Qe4 Nc6 19. Red1 Qf6 20. Rd3 Qf4
21. Qd5 e4 22. Rg3 Rad8 23. Qb5 Rb8 24. Qb3 Nd4 25. Qc3 Ne2+ 26. Kf1 Nxc3 27.
bxc3 e3 28. Rf3 Qxc4+ 29. Kg1 e2 30. Kh1 e1=Q+ 31. Kh2 Qxa1 0-1

[Event "Junior Online 4NCL Division 4"]
[Site "online"]
[Date "2021.01.21"]
[Round "1.73"]
[White "Haga, Viktor"]
[Black "Ozdenoren, Deniz"]
[Result "1-0"]
[WhiteElo "1056"]
[BlackElo "1262"]
[PlyCount "69"]
[EventDate "2021.01.21"]
[WhiteTeam "Coldfall Bishops"]
[BlackTeam "The Hall 2"]

1. e4 e5 2. Nf3 Nc6 3. Bc4 Bc5 4. O-O d6 5. h3 Nf6 6. Nc3 O-O 7. d3 h6 8. Be3
Bb6 9. a4 a6 10. Bxb6 cxb6 11. Nd5 Re8 12. Nxf6+ Qxf6 13. c3 Qg6 14. d4 Bxh3
15. Nh4 Qg5 16. g3 Bxf1 17. Qxf1 exd4 18. Nf3 Qg6 19. cxd4 Rxe4 20. Bd3 d5 21.
Bxe4 dxe4 22. Nh4 Qg5 23. Re1 Re8 24. Nf3 Qg4 25. Nh2 Qg5 26. f4 exf3 27. Rxe8+
Kh7 28. Qd3+ f5 29. Nxf3 Qxg3+ 30. Kf1 Qh3+ 31. Ke2 Qg2+ 32. Ke3 Qh3 33. Rf8
Ne7 34. Kf2 g6 35. Rf7+ 1-0

[Event "Junior Online 4NCL Division 4"]
[Site "online"]
[Date "2021.01.21"]
[Round "1.74"]
[White "O'Sullivan, Conor"]
[Black "Agasee, Emilio"]
[Result "0-1"]
[WhiteElo "1115"]
[BlackElo "933"]
[PlyCount "66"]
[EventDate "2021.01.21"]
[WhiteTeam "The Hall 2"]
[BlackTeam "Coldfall Bishops"]

1. e4 e5 2. Nf3 Nc6 3. Nc3 Nf6 4. Bb5 Bc5 5. d3 d6 6. Bg5 h6 7. Bh4 g5 8. Bg3
Bg4 9. h3 Bxf3 10. Qxf3 Qe7 11. Nd5 Nxd5 12. exd5 a6 13. Bxc6+ bxc6 14. dxc6
O-O 15. Qh5 Qf6 16. h4 gxh4 17. Rxh4 Rfe8 18. Qxh6 Qxh6 19. Rxh6 e4 20. dxe4
Rxe4+ 21. Kd1 Rae8 22. f3 Re2 23. Rh1 Rxg2 24. Kc1 Be3+ 25. Kd1 Rxg3 26. Ke2
Bc5+ 27. Kd3 Rxf3+ 28. Kc4 Re4+ 29. Kd5 Re5+ 30. Kc4 Rf4+ 31. Kd3 Rd5+ 32. Kc3
Rf3+ 33. Kc4 Rd4# 0-1

[Event "Junior Online 4NCL Division 4"]
[Site "online"]
[Date "2021.01.21"]
[Round "1.75"]
[White "Jhamna, Florian"]
[Black "Spitz, Danny"]
[Result "0-1"]
[WhiteElo "1369"]
[BlackElo "1107"]
[PlyCount "78"]
[EventDate "2021.01.21"]
[WhiteTeam "The Hall 2"]
[BlackTeam "Coldfall Bishops"]

1. e4 g6 2. d4 d5 3. exd5 Qxd5 4. Nc3 Qa5 5. Bd2 Bg7 6. Bc4 Bxd4 7. Nce2 Qc5 8.
Nxd4 Qxd4 9. Qe2 Nf6 10. O-O-O Qb6 11. Bc3 Nbd7 12. Bd4 Qc6 13. Bb5 Qxg2 14.
Bxd7+ Nxd7 15. Nf3 O-O 16. Rdg1 Qh3 17. Rg3 Qe6 18. Qxe6 fxe6 19. h4 Nf6 20. h5
Nxh5 21. Rxh5 Rf5 22. Rxf5 exf5 23. Ng5 Bd7 24. Rh3 h5 25. Re3 Re8 26. Bc5 e5
27. Bxa7 f4 28. Re4 Bf5 29. Rb4 b6 30. Rc4 Re7 31. Bb8 c5 32. Bd6 Rd7 33. Bxe5
h4 34. Bxf4 Re7 35. Bd2 h3 36. Rh4 Ra7 37. a3 b5 38. Nxh3 b4 39. axb4 Ra1# 0-1

[Event "Junior Online 4NCL Division 4"]
[Site "online"]
[Date "2021.01.21"]
[Round "1.76"]
[White "Haga, Xander"]
[Black "Jhamna, Alexander"]
[Result "1-0"]
[WhiteElo "1063"]
[BlackElo "1285"]
[PlyCount "89"]
[EventDate "2021.01.21"]
[WhiteTeam "Coldfall Bishops"]
[BlackTeam "The Hall 2"]

1. e4 e5 2. Nf3 Nc6 3. Nc3 Nf6 4. d4 Bd6 5. d5 Nb4 6. a3 Na6 7. Bd3 Bc5 8. O-O
d6 9. b4 Bd4 10. Nxd4 exd4 11. Ne2 Bg4 12. h3 Bh5 13. Bg5 h6 14. Bh4 g5 15. Bg3
Qe7 16. Re1 O-O-O 17. Bxa6 bxa6 18. Qxd4 Nxe4 19. Nc3 c5 20. bxc5 dxc5 21. Qxe4
Qxe4 22. Nxe4 Rde8 23. Nxc5 Rxe1+ 24. Rxe1 f6 25. d6 Re8 26. d7+ Kd8 27.
dxe8=Q+ Bxe8 28. Nxa6 Bc6 29. Rd1+ Kc8 30. Nb4 Be4 31. f3 Bb7 32. Rd6 Kc7 33.
Rxf6+ Kd7 34. Rxh6 a5 35. Rh7+ Ke8 36. Rxb7 Kf8 37. Nc6 Ke8 38. Re7+ Kf8 39.
Bd6 Kg8 40. Nxa5 Kh8 41. Rf7 Kg8 42. Rf8+ Kg7 43. Nc4 Kg6 44. Ne5+ Kh5 45. Rh8#
1-0

[Event "Junior Online 4NCL Division 4"]
[Site "online"]
[Date "2021.01.21"]
[Round "1.77"]
[White "Ozdenoren, Deniz"]
[Black "Haga, Viktor"]
[Result "0-1"]
[WhiteElo "1262"]
[BlackElo "1056"]
[PlyCount "60"]
[EventDate "2021.01.21"]
[WhiteTeam "The Hall 2"]
[BlackTeam "Coldfall Bishops"]

1. e4 c5 2. Bc4 Nc6 3. Nc3 Nf6 4. d3 g6 5. Nf3 Bg7 6. O-O O-O 7. h3 e6 8. Bg5
Qb6 9. Bb3 h6 10. Bh4 g5 11. Nxg5 hxg5 12. Bxg5 Ne5 13. f4 c4+ 14. Kh1 Nxd3 15.
cxd3 cxb3 16. e5 Nh7 17. Bf6 Bxf6 18. exf6 Nxf6 19. Qf3 bxa2 20. Rxa2 Qd6 21.
Qg3+ Kh8 22. Qh4+ Nh7 23. Rf3 b6 24. Rg3 Rg8 25. Rxg8+ Kxg8 26. Ra1 Qxd3 27.
Qd8+ Kg7 28. Qh4 Bb7 29. Ra3 Qf1+ 30. Kh2 Qxg2# 0-1

[Event "Junior Online 4NCL Division 4"]
[Site "online"]
[Date "2021.01.21"]
[Round "1.78"]
[White "Agasee, Emilio"]
[Black "O'Sullivan, Conor"]
[Result "1-0"]
[WhiteElo "933"]
[BlackElo "1115"]
[PlyCount "61"]
[EventDate "2021.01.21"]
[WhiteTeam "Coldfall Bishops"]
[BlackTeam "The Hall 2"]

1. e4 e5 2. Nf3 Nc6 3. Nc3 Nf6 4. d4 exd4 5. Nxd4 Bc5 6. Be3 d6 7. Nxc6 bxc6 8.
Bxc5 dxc5 9. Qxd8+ Kxd8 10. O-O-O+ Bd7 11. g3 Ke7 12. Na4 Nxe4 13. Re1 f5 14.
f3 Be6 15. fxe4 fxe4 16. Rxe4 Rhd8 17. Nxc5 Rd5 18. Rxe6+ Kf7 19. Bc4 Rd4 20.
Re4+ Rxc4 21. Rxc4 Rb8 22. Rf1+ Kg6 23. Rg4+ Kh5 24. Rxg7 Rb5 25. Rf5+ Kh6 26.
Rg4 Ra5 27. Rf6+ Kh5 28. Rg8 Rxc5 29. g4+ Kh4 30. Rh6+ Rh5 31. Rxh5# 1-0

[Event "Junior Online 4NCL Division 4"]
[Site "online"]
[Date "2021.01.21"]
[Round "1.81"]
[White "Nilim, Armaan"]
[Black "Perl, Joseph"]
[Result "1-0"]
[WhiteElo "1298"]
[BlackElo "1164"]
[PlyCount "41"]
[EventDate "2021.01.21"]
[WhiteTeam "JHJ Shark Tank 7"]
[BlackTeam "Barnet Knights D"]

1. d4 d5 2. c4 e6 3. Nc3 Ne7 4. e3 g6 5. Nf3 Bg7 6. Be2 O-O 7. b3 f5 8. Bb2
Nbc6 9. h4 b6 10. h5 Qe8 11. cxd5 exd5 12. Bb5 Bd7 13. hxg6 Qxg6 14. Bxc6 Bxc6
15. Ne5 Bxe5 16. dxe5 Kh8 17. Qd4 Qxg2 18. e6+ Kg8 19. O-O-O Ng6 20. Nxd5 Qxd5
21. Qg7# 1-0

[Event "Junior Online 4NCL Division 4"]
[Site "online"]
[Date "2021.01.21"]
[Round "1.82"]
[White "Gardner, Zac"]
[Black "Xu, Tianyou"]
[Result "0-1"]
[WhiteElo "1139"]
[BlackElo "1280"]
[PlyCount "52"]
[EventDate "2021.01.21"]
[WhiteTeam "Barnet Knights D"]
[BlackTeam "JHJ Shark Tank 7"]

1. e4 e5 2. Nf3 Nc6 3. Bc4 Bc5 4. Nc3 Nf6 5. d3 d6 6. h3 Be6 7. Bb3 O-O 8. Bg5
Bb4 9. O-O Bc5 10. Nd5 Bxd5 11. Bxd5 Rb8 12. Nd2 Nd4 13. Nb3 c6 14. Nxd4 cxd5
15. Nb3 d4 16. Nxc5 dxc5 17. Qf3 Kh8 18. Bxf6 gxf6 19. Qg4 Rg8 20. Qh4 Rg6 21.
Rad1 Qg8 22. Kh1 Qg7 23. Rg1 Rg8 24. Rdf1 Rxg2 25. f3 Rxg1+ 26. Kh2 Qg2# 0-1

[Event "Junior Online 4NCL Division 4"]
[Site "online"]
[Date "2021.01.21"]
[Round "1.83"]
[White "Harb, Laith A"]
[Black "Saunders, Oliver"]
[Result "1-0"]
[WhiteElo "1256"]
[BlackElo "1104"]
[PlyCount "41"]
[EventDate "2021.01.21"]
[WhiteTeam "JHJ Shark Tank 7"]
[BlackTeam "Barnet Knights D"]

1. d4 d5 2. c4 Nf6 3. Nc3 Bf5 4. Bg5 h6 5. Bh4 c6 6. Nf3 e6 7. e3 Na6 8. a3 b5
9. cxb5 cxb5 10. Bxb5+ Ke7 11. Bxf6+ gxf6 12. Bxa6 Qa5 13. Be2 Rb8 14. b4 Qc7
15. Nb5 Qb6 16. O-O Qc6 17. Nxa7 Qb7 18. Nb5 Qa6 19. Rc1 Rxb5 20. a4 Ke8 21.
Bxb5+ 1-0

[Event "Junior Online 4NCL Division 4"]
[Site "online"]
[Date "2021.01.21"]
[Round "1.84"]
[White "Scheffel, Oliver"]
[Black "Stacey, Edward"]
[Result "0-1"]
[WhiteElo "971"]
[BlackElo "1255"]
[PlyCount "41"]
[EventDate "2021.01.21"]
[WhiteTeam "Barnet Knights D"]
[BlackTeam "JHJ Shark Tank 7"]

1. e4 e5 2. Nf3 Nc6 3. Nc3 Nf6 4. Bc4 Bc5 5. O-O O-O 6. Bb5 a6 7. Bxc6 dxc6 8.
Nxe5 Qd6 9. Nc4 Qe6 10. Ne3 Nxe4 11. Nxe4 Qxe4 12. d3 Bxe3 13. fxe3 Qg6 14. Rf3
Bg4 15. Rg3 Bxd1 16. Rxg6 fxg6 17. h3 Bxc2 18. d4 Rf6 19. e4 Bxe4 20. Bg5 Rf5
21. Bh4 0-1

[Event "Junior Online 4NCL Division 4"]
[Site "online"]
[Date "2021.01.21"]
[Round "1.85"]
[White "Perl, Joseph"]
[Black "Nilim, Armaan"]
[Result "0-1"]
[WhiteElo "1164"]
[BlackElo "1298"]
[PlyCount "82"]
[EventDate "2021.01.21"]
[WhiteTeam "Barnet Knights D"]
[BlackTeam "JHJ Shark Tank 7"]

1. Nf3 Nf6 2. g3 d5 3. Bg2 Bf5 4. d3 e6 5. Nbd2 Bd6 6. O-O Nc6 7. Re1 e5 8. e4
dxe4 9. dxe4 Bg4 10. Nc4 Nd4 11. h3 Nxf3+ 12. Bxf3 Bxh3 13. Bg5 Be6 14. Bxf6
gxf6 15. Nxd6+ Qxd6 16. Qxd6 cxd6 17. Red1 Ke7 18. b3 h5 19. Kf1 h4 20. gxh4
Rxh4 21. Ke2 Bg4 22. Bxg4 Rxg4 23. Kf3 Rh4 24. c4 Rah8 25. b4 Rh3+ 26. Ke2 R8h4
27. f3 Rf4 28. Rd3 Rh2+ 29. Ke3 Rh3 30. Rf1 f5 31. exf5 Rxf5 32. Ke4 Rf4+ 33.
Kd5 Rh5 34. c5 e4+ 35. Kd4 exd3+ 36. Kxd3 Rxb4 37. Re1+ Re5 38. cxd6+ Kxd6 39.
Rd1 Rd5+ 40. Kc2 Rc4+ 41. Kb3 Rxd1 0-1

[Event "Junior Online 4NCL Division 4"]
[Site "online"]
[Date "2021.01.21"]
[Round "1.86"]
[White "Xu, Tianyou"]
[Black "Gardner, Zac"]
[Result "1-0"]
[WhiteElo "1280"]
[BlackElo "1139"]
[PlyCount "105"]
[EventDate "2021.01.21"]
[WhiteTeam "JHJ Shark Tank 7"]
[BlackTeam "Barnet Knights D"]

1. d4 d5 2. Bf4 Bf5 3. e3 Nc6 4. Nf3 Nf6 5. Nbd2 Nb4 6. e4 dxe4 7. Ne5 e3 8.
Bxe3 Nxc2+ 9. Ke2 Nxa1 10. Qxa1 Qd5 11. Ndf3 Qb5+ 12. Ke1 Qb4+ 13. Bd2 Qd6 14.
Bc4 O-O-O 15. Nxf7 Qc6 16. Nxd8 Kxd8 17. Ne5 Qxg2 18. Ke2 Qe4+ 19. Be3 g6 20.
Nf7+ Kc8 21. Nxh8 Bh6 22. Qc1 Bxe3 23. fxe3 Ng4 24. Rf1 Qg2+ 25. Kd1 Nxh2 26.
Re1 Bg4+ 27. Be2 Bxe2+ 28. Rxe2 Qf1+ 29. Re1 Qd3+ 30. Qd2 Qxd2+ 31. Kxd2 Nf3+
32. Ke2 Nxe1 33. Kxe1 g5 34. Nf7 g4 35. Ne5 h5 36. Kf2 Kd8 37. Kg3 Ke8 38. Kh4
Kf8 39. Kxh5 g3 40. Nf3 b5 41. Kg4 a5 42. Kxg3 a4 43. a3 Ke8 44. Ne5 Kd8 45.
Kf4 Kc8 46. Ke4 Kb7 47. Kd5 Kb6 48. Nc6 Ka6 49. Nb4+ Ka5 50. Ke6 c6 51. Nxc6+
Kb6 52. Nb4 Kc7 53. Kxe7 1-0

[Event "Junior Online 4NCL Division 4"]
[Site "online"]
[Date "2021.01.21"]
[Round "1.87"]
[White "Saunders, Oliver"]
[Black "Harb, Laith A"]
[Result "1/2-1/2"]
[WhiteElo "1104"]
[BlackElo "1256"]
[PlyCount "114"]
[EventDate "2021.01.21"]
[WhiteTeam "Barnet Knights D"]
[BlackTeam "JHJ Shark Tank 7"]

1. e4 c5 2. Nf3 d6 3. d4 cxd4 4. Qxd4 Nf6 5. Bc4 e6 6. Nc3 a6 7. Bg5 Be7 8.
Bxf6 Bxf6 9. Qd3 b5 10. Bb3 Bb7 11. O-O O-O 12. Rfe1 Nc6 13. a3 Na5 14. Rad1
Be7 15. h3 Rc8 16. Re2 Qc7 17. Qd2 Nc4 18. Qc1 h6 19. Kf1 Rfd8 20. g3 d5 21.
exd5 exd5 22. Bxc4 bxc4 23. Qe3 Bc5 24. Qd2 d4 25. Ne4 Bxe4 26. Rxe4 Qc6 27.
Qe2 Qd7 28. Rg4 Re8 29. Qxc4 Bxa3 30. Qxa6 Bxb2 31. Qxh6 d3 32. Rxd3 Qe6 33.
Qxe6 Rxe6 34. Rb3 Bf6 35. Nd4 Bxd4 36. Rxd4 Ree8 37. c3 Rc7 38. Kg2 Rce7 39.
Rb2 g6 40. h4 Rc7 41. c4 Rec8 42. Rc2 Kg7 43. Kf3 Kf6 44. Kf4 Rc5 45. Rd6+ Kg7
46. Rd4 Kf6 47. g4 Re8 48. g5+ Kg7 49. Kg4 Rec8 50. h5 gxh5+ 51. Kxh5 Kh7 52.
f4 Kg7 53. Rd7 Rxc4 54. Rxc4 Rxc4 55. g6 Rxf4 56. Rxf7+ Rxf7 57. gxf7 Kxf7
1/2-1/2

[Event "Junior Online 4NCL Division 4"]
[Site "online"]
[Date "2021.01.21"]
[Round "1.88"]
[White "Stacey, Edward"]
[Black "Scheffel, Oliver"]
[Result "1-0"]
[WhiteElo "1255"]
[BlackElo "971"]
[PlyCount "99"]
[EventDate "2021.01.21"]
[WhiteTeam "JHJ Shark Tank 7"]
[BlackTeam "Barnet Knights D"]

1. e4 e6 2. d4 d6 3. Nf3 Be7 4. Nc3 Bd7 5. Bd3 Nf6 6. Bg5 O-O 7. e5 Nd5 8. Bxe7
Nxe7 9. Qe2 d5 10. Qe3 f5 11. exf6 Rxf6 12. Ng5 Nf5 13. Bxf5 Rxf5 14. Nf3 Nc6
15. g4 Nb4 16. O-O-O Rf6 17. Ne5 Nc6 18. Nxc6 bxc6 19. f4 Qf8 20. Rhf1 Rh6 21.
Rh1 Rf6 22. Rdf1 Rb8 23. a3 Rb7 24. h4 Qb8 25. b3 Qf8 26. g5 Qxa3+ 27. Kd2 Rf7
28. h5 Qb2 29. Kd3 Qa3 30. g6 Qa6+ 31. Kd2 hxg6 32. hxg6 Rf6 33. Rfg1 Qa2 34.
Nxa2 Kf8 35. Qh3 Ke7 36. Qh7 Kd6 37. Qxg7 Rxf4 38. Qe5+ Ke7 39. Qxf4 Be8 40.
Rh7+ Kd8 41. g7 Rxb3 42. cxb3 c5 43. dxc5 d4 44. Qxd4+ Kc8 45. g8=Q e5 46.
Qxe8+ Kb7 47. Qexe5 Ka6 48. Qa4+ Kb7 49. Qd5+ Kb8 50. Rh8# 1-0

[Event "Junior Online 4NCL Division 4"]
[Site "online"]
[Date "2021.01.21"]
[Round "1.91"]
[White "Rajeev-Lazar, Seyon"]
[Black "Man, Felix"]
[Result "1-0"]
[WhiteElo "1498"]
[BlackElo "1063"]
[PlyCount "127"]
[EventDate "2021.01.21"]
[WhiteTeam "Maidenhead Juniors 2"]
[BlackTeam "Muswell Hill Primary"]

1. g3 e5 2. Bg2 Nf6 3. c4 Bc5 4. Nc3 d6 5. Nf3 Nc6 6. d3 h6 7. a3 O-O 8. b4 Bb6
9. O-O Nd4 10. a4 Nxf3+ 11. Bxf3 Bd4 12. Bb2 c5 13. b5 d5 14. Qc2 dxc4 15. dxc4
Qc7 16. Ba3 Be6 17. Rac1 Bxc4 18. Ne4 Nxe4 19. Qxe4 Bb3 20. Qxb7 Qxb7 21. Bxb7
Rab8 22. Bc6 Bxa4 23. Bxc5 Bxb5 24. Bxf8 Bxc6 25. Bd6 Rb6 26. Bc7 Ra6 27. e3
Bb5 28. Rfd1 Bb6 29. Bxb6 Rxb6 30. Rb1 Be2 31. Rxb6 axb6 32. Rd2 Bc4 33. Rc2 b5
34. Kg2 Kf8 35. Kf3 Ke7 36. Ke4 Ke6 37. f4 f5+ 38. Kf3 exf4 39. exf4 Kf6 40.
Rd2 Ke6 41. Ke3 g5 42. fxg5 hxg5 43. Kd4 Kf6 44. Rf2 Kg6 45. Kc5 Kf6 46. Kd4
Kg6 47. Ke5 Bd3 48. Rf3 Be4 49. Rb3 Bc6 50. Rb2 Be8 51. Rd2 Bc6 52. Rd6+ Kh5
53. Rxc6 b4 54. Rb6 Kg4 55. Rxb4+ Kh3 56. Kxf5 Kxh2 57. Kg4 Kg2 58. Rb2+ Kg1
59. Kf3 Kh1 60. g4 Kg1 61. Rc2 Kh1 62. Kg3 Kg1 63. Rf2 Kh1 64. Rf1# 1-0

[Event "Junior Online 4NCL Division 4"]
[Site "online"]
[Date "2021.01.21"]
[Round "1.92"]
[White "Shetty, Ahan"]
[Black "Brown, Edison"]
[Result "0-1"]
[WhiteElo "1010"]
[BlackElo "1383"]
[PlyCount "154"]
[EventDate "2021.01.21"]
[WhiteTeam "Muswell Hill Primary"]
[BlackTeam "Maidenhead Juniors 2"]

1. e4 c5 2. Nf3 d6 3. Nc3 e6 4. Bb5+ Nc6 5. d4 a6 6. Ba4 b5 7. Bb3 c4 8. Bxc4
bxc4 9. Qe2 Nf6 10. Qxc4 Bd7 11. Bg5 Be7 12. e5 d5 13. Qd3 Nh5 14. Bxe7 Qxe7
15. Qd2 O-O 16. g4 Nf4 17. Qxf4 f5 18. gxf5 Rxf5 19. Qg3 Raf8 20. Nh4 Rf4 21.
Ng2 Rxd4 22. Rg1 Nb4 23. Rc1 Nc6 24. Ne3 Rdf4 25. Ncd1 Nd4 26. Nc3 Nf3+ 27. Ke2
Nxg1+ 28. Rxg1 Ba4 29. b3 Bc6 30. Ncd1 Bb5+ 31. Ke1 Qb4+ 32. c3 Qe7 33. h3 Rf3
34. Qg2 R3f5 35. Nxf5 Rxf5 36. Ne3 Rxe5 37. Kd2 h6 38. Nc2 Rg5 39. Qh2 Rxg1 40.
Qxg1 Qf6 41. Nd4 Qf4+ 42. Kc2 Bd7 43. Qg3 Qe4+ 44. Qd3 Qg2 45. Qg3 Qe4+ 46. Qd3
Qe5 47. Qxa6 Qh2 48. Qe2 Qxh3 49. Kd2 e5 50. Nf3 Qf5 51. Qxe5 Qxf3 52. Qb8+ Kh7
53. Qg3 Qxg3 54. fxg3 Kg6 55. Kd3 Kf5 56. Kd4 Be6 57. c4 dxc4 58. bxc4 g5 59.
c5 Bxa2 60. Kc3 Bd5 61. Kb4 Ke5 62. Kb5 h5 63. Kb6 h4 64. c6 Bxc6 65. Kxc6 hxg3
66. Kc5 g2 67. Kc4 g1=Q 68. Kc3 Qe3+ 69. Kc4 Qd4+ 70. Kb3 Kd5 71. Kc2 Qe3 72.
Kd1 Qf2 73. Kc1 Qe2 74. Kb1 Qd2 75. Ka1 Kc4 76. Kb1 Kb3 77. Ka1 Qa2# 0-1

[Event "Junior Online 4NCL Division 4"]
[Site "online"]
[Date "2021.01.21"]
[Round "1.93"]
[White "Rao, Shree"]
[Black "Michener, Max"]
[Result "0-1"]
[WhiteElo "1392"]
[BlackElo "1000"]
[PlyCount "94"]
[EventDate "2021.01.21"]
[WhiteTeam "Maidenhead Juniors 2"]
[BlackTeam "Muswell Hill Primary"]

1. d4 e5 2. dxe5 Nc6 3. Nf3 Qe7 4. Bf4 Qb4+ 5. Bd2 Qxb2 6. Bc3 Bb4 7. Bxb4 Nxb4
8. Na3 Qxa3 9. e3 Qc3+ 10. Ke2 Qxc2+ 11. Qxc2 Nxc2 12. Rc1 Nb4 13. Rxc7 Nd5 14.
Rc5 Nge7 15. Kd2 O-O 16. Bc4 Nb6 17. Bb3 Rd8 18. Ng5 Rf8 19. a4 a5 20. Rb5 Ra6
21. Rb1 h6 22. Nxf7 Nbd5 23. Nxh6+ gxh6 24. Bxd5+ Nxd5 25. Rxd5 Rxf2+ 26. Kd3
d6 27. Rg1 Be6 28. Rxd6 Rxd6+ 29. exd6 Rf8 30. Ke4 Rd8 31. Rd1 Kf7 32. Ke5 Bb3
33. Rd4 Be6 34. g4 Bb3 35. d7 Be6 36. Rf4+ Ke7 37. Rf6 Bxd7 38. Rxh6 Bxa4 39.
Rh7+ Ke8 40. Ke6 Bb3+ 41. Kf6 Rd6+ 42. Ke5 Re6+ 43. Kf5 Bc2+ 44. Kxe6 Bxh7 45.
Kd6 a4 46. Kc5 a3 47. Kb4 a2 0-1

[Event "Junior Online 4NCL Division 4"]
[Site "online"]
[Date "2021.01.21"]
[Round "1.94"]
[White "Bagshaw, Freddie"]
[Black "Thorley, Luke"]
[Result "1-0"]
[WhiteElo "1035"]
[BlackElo "1300"]
[PlyCount "93"]
[EventDate "2021.01.21"]
[WhiteTeam "Muswell Hill Primary"]
[BlackTeam "Maidenhead Juniors 2"]

1. e4 Nf6 2. Nc3 e5 3. Nf3 Nc6 4. Bc4 h6 5. O-O Bc5 6. a3 Ng4 7. Qe1 Bxf2+ 8.
Rxf2 Nxf2 9. Qxf2 d6 10. Nh4 O-O 11. Ng6 Nd4 12. Nxf8 Qxf8 13. d3 a6 14. Qg3
Nxc2 15. Rb1 Be6 16. Bxh6 Bxc4 17. dxc4 Kh8 18. Bg5 f6 19. Qh4+ Kg8 20. Bd2 c6
21. Rf1 d5 22. cxd5 cxd5 23. exd5 Qc5+ 24. Rf2 Rc8 25. b4 Qd6 26. Qg4 Rc7 27.
Qg6 Qb6 28. Qxc2 a5 29. Na4 Qd4 30. Qxc7 Qa1+ 31. Bc1 Qd4 32. Qc8+ Kh7 33. Bb2
Qd1+ 34. Rf1 Qe2 35. Qh3+ Kg8 36. Bc3 b5 37. Nb6 e4 38. d6 e3 39. d7 Qd3 40.
Be1 g6 41. Qe6+ Kg7 42. Qxf6+ Kh6 43. Qh4+ Kg7 44. d8=Q Qxd8 45. Qxd8 e2 46.
Qf8+ Kh7 47. Rf7# 1-0

[Event "Junior Online 4NCL Division 4"]
[Site "online"]
[Date "2021.01.21"]
[Round "1.95"]
[White "Man, Felix"]
[Black "Rajeev-Lazar, Seyon"]
[Result "0-1"]
[WhiteElo "1063"]
[BlackElo "1498"]
[PlyCount "76"]
[EventDate "2021.01.21"]
[WhiteTeam "Muswell Hill Primary"]
[BlackTeam "Maidenhead Juniors 2"]

1. e4 e6 2. d4 d5 3. e5 c5 4. c3 Nc6 5. Nf3 Bd7 6. Bf4 Qb6 7. Qb3 c4 8. Qxb6
axb6 9. Nbd2 Nge7 10. Be2 Ng6 11. Bg3 b5 12. O-O Be7 13. b3 O-O 14. a4 bxa4 15.
bxc4 dxc4 16. Bxc4 f6 17. exf6 Bxf6 18. Ng5 Bxg5 19. Nf3 Be7 20. d5 exd5 21.
Bxd5+ Kh8 22. Rfe1 Bf6 23. Rac1 a3 24. Bxc6 Bxc6 25. Ne5 Nxe5 26. Bxe5 Bxe5 27.
Rxe5 a2 28. Ree1 Ra3 29. c4 Rfa8 30. Ra1 h6 31. h3 R8a4 32. Rec1 Rb3 33. Kh2
Rb2 34. Rd1 Rxf2 35. Rd8+ Kh7 36. Rdd1 Rxc4 37. Rh1 Rb2 38. Rhg1 Rcb4 0-1

[Event "Junior Online 4NCL Division 4"]
[Site "online"]
[Date "2021.01.21"]
[Round "1.96"]
[White "Brown, Edison"]
[Black "Shetty, Ahan"]
[Result "1-0"]
[WhiteElo "1383"]
[BlackElo "1010"]
[PlyCount "37"]
[EventDate "2021.01.21"]
[WhiteTeam "Maidenhead Juniors 2"]
[BlackTeam "Muswell Hill Primary"]

1. e4 d5 2. exd5 Qxd5 3. Nc3 Qa5 4. Nf3 Nc6 5. d4 Nf6 6. Bd2 Qb6 7. Be3 Qxb2 8.
Bd2 e6 9. Bc4 Bb4 10. Rb1 Qa3 11. Nb5 Bd6 12. Nxa3 Bxa3 13. O-O O-O 14. Qe2 Re8
15. Qd3 Bd6 16. Ng5 g6 17. Qf3 Nh5 18. Qxf7+ Kh8 19. Qxh7# 1-0

[Event "Junior Online 4NCL Division 4"]
[Site "online"]
[Date "2021.01.21"]
[Round "1.97"]
[White "Michener, Max"]
[Black "Rao, Shree"]
[Result "0-1"]
[WhiteElo "1000"]
[BlackElo "1392"]
[PlyCount "100"]
[EventDate "2021.01.21"]
[WhiteTeam "Muswell Hill Primary"]
[BlackTeam "Maidenhead Juniors 2"]

1. e4 e6 2. d4 d5 3. e5 c5 4. c3 Nc6 5. Nf3 Qb6 6. Bd3 Bd7 7. Be2 Nh6 8. Qb3
Qxb3 9. axb3 Nf5 10. dxc5 Bxc5 11. b4 Bb6 12. c4 Nxb4 13. O-O O-O 14. b3 Nd4
15. Bd1 Nxf3+ 16. Bxf3 Bd4 17. Ra5 b6 18. Ra3 Bxe5 19. cxd5 Nxd5 20. Re1 Bd6
21. Ra2 a5 22. Rd2 Bb4 23. Rxd5 exd5 24. Rd1 Rac8 25. Bxd5 Be6 26. Bxe6 fxe6
27. Na3 Bxa3 28. Bxa3 Rfd8 29. Rxd8+ Rxd8 30. f3 Rd3 31. Kf2 Rxb3 32. Bd6 Rb2+
33. Ke3 a4 34. Ke4 Kf7 35. Ke5 Rxg2 36. f4 Rxh2 37. f5 exf5 38. Kxf5 Rf2+ 39.
Ke5 g5 40. Kd5 Rd2+ 41. Kc6 Rxd6+ 42. Kxd6 a3 43. Kc6 a2 44. Kxb6 a1=Q 45. Kb7
Qc1 46. Ka8 Qb2 47. Ka7 Ke7 48. Ka8 Kd7 49. Ka7 Kc7 50. Ka6 Qb6# 0-1

[Event "Junior Online 4NCL Division 4"]
[Site "online"]
[Date "2021.01.21"]
[Round "1.98"]
[White "Thorley, Luke"]
[Black "Bagshaw, Freddie"]
[Result "0-1"]
[WhiteElo "1300"]
[BlackElo "1035"]
[PlyCount "50"]
[EventDate "2021.01.21"]
[WhiteTeam "Maidenhead Juniors 2"]
[BlackTeam "Muswell Hill Primary"]

1. e4 e5 2. Nf3 Nc6 3. Nc3 Nf6 4. Bc4 Bc5 5. Ng5 O-O 6. Nd5 h6 7. h4 d6 8. b3
Ng4 9. O-O hxg5 10. hxg5 Qxg5 11. d4 Qh5 12. Qxg4 Qxg4 13. dxc5 dxc5 14. Bh6
Qxe4 15. Nxc7 Rb8 16. f3 Qxc2 17. f4 gxh6 18. fxe5 Nxe5 19. Ne6 Bxe6 20. Bxe6
fxe6 21. Rxf8+ Rxf8 22. Rf1 Rxf1+ 23. Kxf1 Qf5+ 24. Kg1 Ng4 25. Kh1 Qf1# 0-1

[Event "Junior Online 4NCL Division 4"]
[Site "online"]
[Date "2021.01.21"]
[Round "1.101"]
[White "Pipalia, Rishi"]
[Black "Aggarwal, Jai"]
[Result "1-0"]
[WhiteElo "1362"]
[BlackElo "1466"]
[PlyCount "81"]
[EventDate "2021.01.21"]
[WhiteTeam "JHJ Shark Tank 5"]
[BlackTeam "Uxbridge Juniors Chargers"]

1. e4 e5 2. Nf3 Nc6 3. Bc4 Bc5 4. c3 Nf6 5. d4 exd4 6. cxd4 Bb4+ 7. Nc3 Nxe4 8.
O-O Bxc3 9. bxc3 O-O 10. Bb2 d6 11. d5 Na5 12. Bb3 Nxb3 13. axb3 Bg4 14. c4 Ng5
15. Qd4 Nxf3+ 16. gxf3 f6 17. fxg4 Qd7 18. f3 Rfe8 19. Rxa7 b6 20. Rxa8 Rxa8
21. Re1 Re8 22. Rxe8+ Qxe8 23. Kf2 Qe5 24. Qxe5 dxe5 25. Ke3 Kf7 26. Ke4 Kg6
27. f4 exf4 28. Kxf4 h6 29. h4 h5 30. gxh5+ Kxh5 31. Kg3 Kh6 32. Kg4 Kg6 33.
h5+ Kh6 34. Bc1+ Kh7 35. Bf4 g6 36. hxg6+ Kxg6 37. Bxc7 f5+ 38. Kf4 Kf6 39.
Bxb6 Kg6 40. Bd4 Kh5 41. Kxf5 1-0

[Event "Junior Online 4NCL Division 4"]
[Site "online"]
[Date "2021.01.21"]
[Round "1.102"]
[White "Bommi, Praneeth"]
[Black "Chen, George"]
[Result "0-1"]
[WhiteElo "1334"]
[BlackElo "1325"]
[PlyCount "100"]
[EventDate "2021.01.21"]
[WhiteTeam "Uxbridge Juniors Chargers"]
[BlackTeam "JHJ Shark Tank 5"]

1. e3 e5 2. b3 d5 3. Bb2 Nc6 4. Nf3 Bd6 5. Nxe5 Bxe5 6. Bxe5 Nxe5 7. Nc3 Nf6 8.
d4 Nc6 9. Qf3 Bg4 10. Qg3 Nb4 11. Bd3 Nxd3+ 12. cxd3 O-O 13. O-O Bf5 14. e4
dxe4 15. Qf4 Bg6 16. Rfe1 exd3 17. Rad1 Nh5 18. Qe5 Re8 19. Qd5 d2 20. Rxe8+
Qxe8 21. Rf1 c6 22. Qe5 Qxe5 23. dxe5 Rd8 24. Rd1 Bc2 25. Rf1 d1=Q 26. Nxd1
Rxd1 27. Rxd1 Bxd1 28. f3 Kf8 29. Kf2 Bc2 30. g4 Nf4 31. Kg3 Ng6 32. f4 Bb1 33.
a4 Bc2 34. Kf3 Bxb3 35. h4 Nxh4+ 36. Kg3 Ng6 37. Kf3 c5 38. Ke4 c4 39. f5 Ne7
40. Kd4 Nc6+ 41. Kc3 Nxe5 42. a5 Nxg4 43. Kb4 h5 44. Kc5 c3 45. Kd6 c2 46. Kc7
c1=Q+ 47. Kxb7 Bd5+ 48. Kxa7 Qc5+ 49. Ka6 Qc6+ 50. Ka7 Qb7# 0-1